Moravský národní sbor
| Main Author: | Musil, František, 1852-1908 |
|---|---|
| Language: | Czech |
| Published: |
Kutná Hora : Česká hudba, [1900?] |
| Physical Description: |
s. 37-44 |
| LEADER | 00698ncm a22002172a 4500 | ||
|---|---|---|---|
| 001 | 001210773 | ||
| 003 | CZ BrMZK | ||
| 005 | 20120509112741.0 | ||
| 007 | qu | ||
| 008 | 120509s1900 xr |||||||||||||||||cze d | ||
| 040 | |a BOA001 |b cze | ||
| 072 | 7 | |a 784 |x Vokální hudba |2 Konspekt |9 9 | |
| 100 | 1 | |a Musil, František, |d 1852-1908 |7 jk01082502 |4 cmp | |
| 245 | 1 | 0 | |a Moravský národní sbor |h [hudebnina] / |c František Musil |
| 260 | |a Kutná Hora : |b Česká hudba, |c [1900?] | ||
| 300 | |a s. 37-44 | ||
| 500 | |a Pro smíšený sbor a klavír | ||
| 910 | |a BOA001 |b Mus4-0729.978 | ||
| 990 | |a MU | ||
| 991 | |b 201205 | ||
| 996 | 6 | |b 2619089735 |c Mus4-0729.978 |l MZK |r Sklad / do 1 hodiny |n 0 |w 001244589 |u 000010 |a 1 |e BOA001 |j MZK50 |s P | |
English
Čeština 